| 000 | 00571nam a2200193 a 4500 | ||
|---|---|---|---|
| 005 | 20220603063553.0 | ||
| 008 | 991125s1995 mx 000 0 spa u | ||
| 020 | _a9681647262 | ||
| 035 | _aUPN01000027149 | ||
| 049 | _aI | ||
| 050 | 4 |
_aPZ74 _bM538 |
|
| 100 | 1 | _aMichels, Tilde | |
| 245 | 1 | 0 |
_aGustavo va a la escuela / _cTilde Michels ; tr. Viviana Aguirre. |
| 260 |
_aMéxico : _bFCE, _c1995. |
||
| 300 |
_a39 p. : _bil. |
||
| 440 | 0 |
_aA la orilla del viento. _pPara los que están aprendiendo a leer ; _v71 |
|
| 650 | 4 |
_aCuentos infantiles _96744 |
|
| 905 | _aInfantil | ||
| 999 |
_c27149 _d27149 |
||